000 01793nam a22001577a 4500
041 _aukr
080 _a09
090 _bРОМ
100 _aРоманів А.Ю.
245 _aЛінгво-стилістичні особливості політичного дискурсу (на прикладі політичних промов Джорджа Буша та Барака Обами)
260 _aОстрог
_bКАФ
_c2009
300 _a53
520 _aВСТУП РОЗДІЛ 1 СУЧАСНІ ЛІНГВІСТИЧНІ ПІДХОДИ ДО ВИВЧЕННЯ ДИСКУРСУ 1.1 Трактування дискурсу у вітчизняній науці. 1.2 Трактування дискурсу у зарубіжній науці. 1.3 Походження та розвиток дискурсу. 1.4 Основні характеристики дискурсу. РОЗДІЛ 2 ЗАГАЛЬНА ХАРАКТЕРИСТИКА ПОЛІТИЧНОГО ДИСКУРСУ 2.1 Функції політичного дискурсу. 2.2 Взаємозвязок політичного дискурсу з іншими видами дискурсу. РОЗДІЛ 3 ЛІНГВО-СТИЛІСТИЧНИЙ АНАЛІЗ ПОЛІТИЧНИХ ПРОМОВ ДЖОРДЖА БУША 3.1 Сучасні методи дослідження дискурсу. 3.2 Складові елементи політичних промов. 3.3 Лексичні та стилістичні особливості політичних промов Джорджа Буша. 3.4 Лексико-стилістичні особливості промов Барака Обами. ВИСНОВКИ
_0дискурс,політичні промови,Джордж Буш
650 _aResearch Papers
999 _c284190
_d284190
942 _cBK